| 000 | 00816nam a2200253Ia 4500 | ||
|---|---|---|---|
| 003 | GCL | ||
| 008 | 140319s9999 xx 000 0 ara d | ||
| 040 |
_aGCL / _cGCL |
||
| 082 | 0 | 4 |
_a709.04 _bس م |
| 100 | 1 | _aفخرى خليل (مترجم) | |
| 245 | 1 | 0 |
_aمابعد الحداثة : الحركات الفنية منذ عام 1945 / _cفخرى خليل (مترجم) |
| 700 | 1 | _aجبرا ابراهيم جبرا | |
| 700 | 1 | _aسميث، ادوارد لوسى | |
| 490 | _a | ||
| 650 | 0 | 4 | _aالفنون الجميلة |
| 650 | 0 | 4 | _aالنحت |
| 650 | 0 | 4 | _aالرسم |
| 650 | 0 | 4 | _aالفنون التشكيلية |
| 650 | 0 | 4 | _aالتصوير |
| 650 | 0 | 4 | _aالحفر |
| 650 | 0 | 4 | _aالفن - تاريخ ونقد |
| 650 | 0 | 4 | _aالفن-تاريخ ونقد-القرن العشرين |
| 942 |
_2ddc _cBK |
||
| 999 |
_c48357 _d48357 |
||